| 000 -LEADER |
| fixed length control field |
02088nam a22004457a 4500 |
| 001 - CONTROL NUMBER |
| control field |
20721150 |
| 003 - CONTROL NUMBER IDENTIFIER |
| control field |
NUST |
| 005 - DATE AND TIME OF LATEST TRANSACTION |
| control field |
20190826094519.0 |
| 008 - FIXED-LENGTH DATA ELEMENTS--GENERAL INFORMATION |
| fixed length control field |
181026s2012 mtua f000 0 eng d |
| 010 ## - LIBRARY OF CONGRESS CONTROL NUMBER |
| LC control number |
2018410224 |
| 035 ## - SYSTEM CONTROL NUMBER |
| System control number |
(OCoLC)ocn839312198 |
| 038 ## - RECORD CONTENT LICENSOR |
| Staff Name |
M.Ramzan |
| 040 ## - CATALOGING SOURCE |
| Original cataloging agency |
MTG |
| Language of cataloging |
eng |
| Transcribing agency |
MTG |
| Description conventions |
rda |
| Modifying agency |
OCLCQ |
| -- |
OCLCF |
| -- |
DLC |
| 042 ## - AUTHENTICATION CODE |
| Authentication code |
lccopycat |
| 043 ## - GEOGRAPHIC AREA CODE |
| Geographic area code |
n-us--- |
| 082 ## - DEWEY DECIMAL CLASSIFICATION NUMBER |
| Classification number |
625.794019 |
| Author Mark |
SHE |
| 100 1# - MAIN ENTRY--PERSONAL NAME |
| Personal name |
Sheehy, Donna. |
| 9 (RLIN) |
19546 |
| 245 10 - TITLE STATEMENT |
| Title |
Incident sign installation guide / |
| Statement of responsibility, etc. |
Donna Sheehy, |
| 250 ## - EDITION STATEMENT |
| Edition statement |
2010 |
| 264 #1 - PRODUCTION, PUBLICATION, DISTRIBUTION, MANUFACTURE, AND COPYRIGHT NOTICE |
| Place of production, publication, distribution, manufacture |
Missoula, MT : |
| Name of producer, publisher, distributor, manufacturer |
USDA Forest Service, Technology and Development Program, |
| Date of production, publication, distribution, manufacture, or copyright notice |
2012. |
| 300 ## - PHYSICAL DESCRIPTION |
| Extent |
ii, 28 pages : |
| Other physical details |
color illustrations ; |
| Dimensions |
22 cm |
| 336 ## - CONTENT TYPE |
| Content type term |
text |
| Content type code |
txt |
| Source |
rdacontent |
| 337 ## - MEDIA TYPE |
| Media type term |
unmediated |
| Media type code |
n |
| Source |
rdamedia |
| 338 ## - CARRIER TYPE |
| Carrier type term |
volume |
| Carrier type code |
nc |
| Source |
rdacarrier |
| 500 ## - GENERAL NOTE |
| General note |
"First printed July 2005, revised July 2012." |
| 500 ## - GENERAL NOTE |
| General note |
"5100--Fire"--Cover. |
| 500 ## - GENERAL NOTE |
| General note |
"1251-2820P-MTDC"--Cover. |
| 500 ## - GENERAL NOTE |
| General note |
"5E52P30--Incident Sign Installation Guide." |
| 520 3# - SUMMARY, ETC. |
| Summary, etc. |
"This report explains how guide, warning, and regulatory signs can be used properly at incidents. Incidents may include any number of different situations, such as wildfires, hurricanes, other natural disasters, and other unplanned events such as traffic accidents. Signs that are set up properly at incidents can reduce the risk of traffic accidents. This guide is based on standards established by the "Manual on Uniform Traffic Control Devices" and the "Sign and Poster Guidelines for the Forest Service" (EM-7100-15)." |
| 650 #0 - SUBJECT ADDED ENTRY--TOPICAL TERM |
| Topical term or geographic name entry element |
Street signs |
| General subdivision |
Installation |
| Geographic subdivision |
United States. |
| 9 (RLIN) |
19547 |
| 650 #0 - SUBJECT ADDED ENTRY--TOPICAL TERM |
| Topical term or geographic name entry element |
Traffic signs and signals |
| General subdivision |
Installation |
| Geographic subdivision |
United States. |
| 9 (RLIN) |
19548 |
| 650 #0 - SUBJECT ADDED ENTRY--TOPICAL TERM |
| Topical term or geographic name entry element |
Signs and signboards |
| General subdivision |
Installation |
| Geographic subdivision |
United States. |
| 9 (RLIN) |
19549 |
| 651 #7 - SUBJECT ADDED ENTRY--GEOGRAPHIC NAME |
| Geographic name |
United States. |
| Source of heading or term |
fast |
| Authority record control number or standard number |
(OCoLC)fst01204155 |
| 9 (RLIN) |
7952 |
| 700 1# - ADDED ENTRY--PERSONAL NAME |
| Personal name |
Cote, Ted J. |
| 9 (RLIN) |
19550 |
| 700 1# - ADDED ENTRY--PERSONAL NAME |
| Personal name |
Smith, John R. |
| 9 (RLIN) |
19551 |
| 710 2# - ADDED ENTRY--CORPORATE NAME |
| Corporate name or jurisdiction name as entry element |
Technology & Development Program (U.S.) |
| 9 (RLIN) |
19552 |
| 906 ## - LOCAL DATA ELEMENT F, LDF (RLIN) |
| a |
0 |
| b |
ibc |
| c |
copycat |
| d |
2 |
| e |
ncip |
| f |
20 |
| g |
y-gencatlg |
| 942 ## - ADDED ENTRY ELEMENTS (KOHA) |
| Source of classification or shelving scheme |
|
| Koha item type |
Book |